Library Banner

Prealgebra / (Record no. 117841)

MARC details
000 -LEADER
fixed length control field 00635cam a2200217 i 4500
001 - CONTROL NUMBER
control field 18291675
005 - DATE AND TIME OF LATEST TRANSACTION
control field 20200709120220.0
008 - FIXED-LENGTH DATA ELEMENTS--GENERAL INFORMATION
fixed length control field 140905t20162016mauab 001 0 eng
020 ## - INTERNATIONAL STANDARD BOOK NUMBER
International Standard Book Number 9780135182567
040 ## - CATALOGING SOURCE
Transcribing agency PK-LaUMT
082 00 - DEWEY DECIMAL CLASSIFICATION NUMBER
Classification number 513.14
Edition number 23
Item number BIT-P
100 1# - MAIN ENTRY--PERSONAL NAME
Personal name Bittinger, Marvin L.
245 10 - TITLE STATEMENT
Title Prealgebra /
Remainder of title by Marvin L. Bittinger, David J. Ellenbogen and Barbara L. Johnson
250 ## - EDITION STATEMENT
Edition statement 7th ed.
260 ## - PUBLICATION, DISTRIBUTION, ETC. (IMPRINT)
Place of publication, distribution, etc Hoboken :
Name of publisher, distributor, etc Pearson,
Date of publication, distribution, etc 2020
300 ## - PHYSICAL DESCRIPTION
Extent 772 p. :
Other physical details color illustrations, color maps ;
Dimensions 28 cm
650 #0 - SUBJECT ADDED ENTRY--TOPICAL TERM
Topical term or geographic name as entry element Mathematics
700 1# - ADDED ENTRY--PERSONAL NAME
Personal name Ellenbogen, David.
700 1# - ADDED ENTRY--PERSONAL NAME
Personal name Johnson, Barbara L.
942 ## - ADDED ENTRY ELEMENTS (KOHA)
Koha item type Books
Holdings
Withdrawn status Lost status Damaged status Home library Current library Date acquired Full call number Barcode Date last seen Price effective from Koha item type
      UMT Main Campus UMT Main Campus 2020-07-09 513.14 BIT-P 134105 2025-04-21 2020-07-09 Books